Samsamoyik biswa rajniti (Record no. 8210)
[ view plain ]
| 000 -LEADER | |
|---|---|
| fixed length control field | 00436cam a2200181ua 4500 |
| 008 - FIXED-LENGTH DATA ELEMENTS--GENERAL INFORMATION | |
| fixed length control field | 150221n ii |||gr||||Z||||||asm |
| 040 ## - CATALOGING SOURCE | |
| Transcribing agency | MAIN |
| 041 ## - LANGUAGE CODE | |
| -- | asm |
| 082 ## - DEWEY DECIMAL CLASSIFICATION NUMBER | |
| Classification number | 320 |
| 100 ## - MAIN ENTRY--PERSONAL NAME | |
| Personal name | Chakrabarty, A., |
| Relator term | |
| 245 1# - TITLE STATEMENT | |
| Title | Samsamoyik biswa rajniti |
| Statement of responsibility, etc. | Translated by A. Chakrabarty |
| 250 ## - EDITION STATEMENT | |
| Edition statement | 1st. |
| 260 ## - PUBLICATION, DISTRIBUTION, ETC. | |
| Place of publication, distribution, etc. | Guwahati: |
| Name of publisher, distributor, etc. | Assam, |
| Date of publication, distribution, etc. | 2011. |
| 300 ## - PHYSICAL DESCRIPTION | |
| Extent | 150p. |
| 942 ## - ADDED ENTRY ELEMENTS (KOHA) | |
| Koha item type | Books |
| 653 ## - INDEX TERM--UNCONTROLLED | |
| Uncontrolled term | Political science |
| Withdrawn status | Lost status | Damaged status | Not for loan | Home library | Current library | Shelving location | Date acquired | Total Checkouts | Full call number | Barcode | Date last seen | Copy number | Price effective from | Koha item type | Date last checked out |
|---|---|---|---|---|---|---|---|---|---|---|---|---|---|---|---|
| Naharkatiya College Library | Naharkatiya College Library | General Stacks | 19/09/2020 | 320 | SAM | 20236 | 19/09/2020 | 2 | 19/09/2020 | Books | ||||||
| Naharkatiya College Library | Naharkatiya College Library | General Stacks | 19/09/2020 | 1 | 320 | SAM | 20237 | 21/12/2021 | 1 | 19/09/2020 | Books | 20/11/2021 | ||||
| Naharkatiya College Library | Naharkatiya College Library | General Stacks | 19/09/2020 | 1 | 320 | SAM | 20239 | 09/10/2024 | 3 | 19/09/2020 | Books | 21/09/2024 | ||||
| Naharkatiya College Library | Naharkatiya College Library | General Stacks | 19/09/2020 | 2 | 320 | SAM | 20240 | 03/12/2024 | 4 | 19/09/2020 | Books | 28/11/2024 |
